[Event "Menorca op-A 4th"]
[Site "Ciutadella"]
[Date "2025.04.25"]
[Round "6"]
[White "Nogerbek, Kazybek"]
[Black "Tabuenca Mendataurigoitia, Daniel"]
[Result "1/2-1/2"]
[WhiteElo "2544"]
[BlackElo "2404"]
[PlyCount "75"]
[EventDate "2025.04.22"]
[EventType "swiss"]
[EventRounds "9"]
[EventCountry "ESP"]
[SourceTitle "CB18_2025"]
[SourceDate "2025.04.30"]
[SourceVersion "1"]
[SourceVersionDate "2025.04.30"]
[SourceQuality "1"]

1. d4 d5 2. c4 dxc4 3. Nf3 e6 4. e3 Nf6 5. Bxc4 c5 6. 0-0 a6 7. Qe2 b5 8. Bd3 cxd4 9. a4 bxa4 10. Rxa4 Bd6 11. Rd1 Qe7 12. Rxd4 Nbd7 13. Nc3 Bb7 14. Bc2 Bc7 15. Rh4 0-0 16. b3 h6 17. Bb2 Rfd8 18. Ne4 Rab8 19. Rc1 Nxe4 20. Bxe4 Be5 21. Bxb7 Bxb2 22. Qxb2 Rxb7 23. Rg4 Qf6 24. Rd4 Rdb8 25. Qa1 Qe7 26. Nd2 Nc5 27. b4 Nd7 28. Qxa6 Rxb4 29. Rc8+ Nf8 30. Rxb8 Rxb8 31. Qd6 Qxd6 32. Rxd6 Rb7 33. Ra6 Rb2 34. Rd6 Rb7 35. Nf1 Ng6 36. f4 Ne7 37. e4 g5 38. g3 1/2-1/2

[Event "Titled Tuesday intern op 25th Feb Early"]
[Site "Chess.com INT"]
[Date "2025.02.25"]
[Round "1"]
[White "Tabuenca Mendataurigoitia, Daniel"]
[Black "Clarke, Connor"]
[Result "0-1"]
[WhiteElo "2406"]
[BlackElo "2060"]
[PlyCount "60"]
[EventDate "2025.02.25"]
[EventType "swiss (blitz)"]
[EventRounds "11"]
[EventCountry "USA"]
[SourceTitle "CB10_2025"]
[SourceDate "2025.03.05"]
[SourceVersion "1"]
[SourceVersionDate "2025.03.05"]
[SourceQuality "1"]

1. e4 e6 2. d4 d5 3. Nd2 c5 4. exd5 Qxd5 5. Ngf3 cxd4 6. Bc4 Qd6 7. Qe2 Nf6 8. Nb3 Nc6 9. Bg5 Be7 10. 0-0-0 h6 11. Bh4 0-0 12. Bg3 Qb4 13. Nbxd4 Nxd4 14. Rxd4 Qb6 15. Rhd1 Bc5 16. Rh4 Rd8 17. Rxd8+ Qxd8 18. Ne5 Nd5 19. Rg4 a6 20. Qf3 f5 21. Rg6 b5 22. Bb3 Kh7 23. h4 Bd4 24. h5 Nf6 25. Qxa8 Ne4 26. Nd3 Qa5 27. Qxc8 Qd2+ 28. Kb1 Qd1+ 29. Nc1 Nd2+ 30. Ka1 Qxc1# 0-1

[Event "Titled Tuesday intern op 28th Jan Early"]
[Site "Chess.com INT"]
[Date "2025.01.28"]
[Round "3"]
[White "Sanal, Vahap"]
[Black "Tabuenca Mendataurigoitia, Daniel"]
[Result "0-1"]
[WhiteElo "2557"]
[BlackElo "2402"]
[PlyCount "90"]
[EventDate "2025.01.28"]
[EventType "swiss (blitz)"]
[EventRounds "11"]
[EventCountry "USA"]
[SourceTitle "CB06_2025"]
[SourceDate "2025.02.05"]
[SourceVersion "1"]
[SourceVersionDate "2025.02.05"]
[SourceQuality "1"]

1. e4 e5 2. Nf3 d6 3. d4 exd4 4. Nxd4 Nf6 5. Nc3 Be7 6. g3 d5 7. e5 Ng4 8. e6 Nf6 9. exf7+ Kxf7 10. Bg2 c6 11. 0-0 Bg4 12. Qd3 Re8 13. h3 Bh5 14. f4 Kg8 15. f5 Na6 16. g4 Bf7 17. Kh1 Nc5 18. Qg3 Nfe4 19. Nxe4 Nxe4 20. Bxe4 dxe4 21. Be3 c5 22. Ne2 Bd6 23. Nf4 Qc7 24. g5 Bxf4 25. Rxf4 Bh5 26. f6 Qc6 27. Rg1 Rf8 28. h4 Rad8 29. Kh2 g6 30. Qh3 Bf3 31. Qf1 b5 32. Qf2 Rd5 33. b3 Kf7 34. Qe1 Rfd8 35. Qa5 R8d7 36. Kg3 a6 37. a3 Qe6 38. Qe1 Rd1 39. Qf2 Rxg1+ 40. Qxg1 Rd1 41. Qf2 Rh1 42. Rxf3 Rh3+ 43. Kg2 exf3+ 44. Kg1 Qg4+ 45. Kf1 Rh1+ 0-1

[Event "Titled Tuesday intern op 28th Jan Early"]
[Site "Chess.com INT"]
[Date "2025.01.28"]
[Round "1"]
[White "Tabuenca Mendataurigoitia, Daniel"]
[Black "Richardson, John R"]
[Result "1-0"]
[WhiteElo "2402"]
[BlackElo "2271"]
[PlyCount "107"]
[EventDate "2025.01.28"]
[EventType "swiss (blitz)"]
[EventRounds "11"]
[EventCountry "USA"]
[SourceTitle "CB06_2025"]
[SourceDate "2025.02.05"]
[SourceVersion "1"]
[SourceVersionDate "2025.02.05"]
[SourceQuality "1"]

1. d4 Nf6 2. Nf3 b6 3. g3 Bb7 4. Bg2 e6 5. 0-0 c5 6. c4 cxd4 7. Nxd4 Bxg2 8. Kxg2 Qc8 9. b3 Be7 10. Nc3 d5 11. Bf4 0-0 12. Ndb5 a6 13. Nd6 Qc6 14. cxd5 Qxc3 15. dxe6 fxe6 16. Nc4 Nd5 17. Be5 Qb4 18. e4 Nf6 19. f3 Nc6 20. Bb2 Rfd8 21. Qe2 b5 22. Ba3 Qc3 23. Bb2 Qd3 24. Qxd3 Rxd3 25. Ne5 Rd2+ 26. Rf2 Rxf2+ 27. Kxf2 Nxe5 28. Bxe5 Rc8 29. a4 Rc2+ 30. Kg1 Bc5+ 31. Kh1 b4 32. Rd1 Kf7 33. Rd8 Rc1+ 34. Kg2 Rb1 35. Rc8 Be3 36. Rc7+ Kg6 37. h4 Rxb3 38. g4 h6 39. h5+ Nxh5 40. gxh5+ Kxh5 41. Rxg7 Ra3 42. Rb7 Rxa4 43. Kg3 a5 44. Bc7 Ra3 45. Rb5+ Bg5 46. Bxa5 b3 47. Bd8 Kg6 48. Bxg5 hxg5 49. Kg4 Kf6 50. Rxg5 b2 51. Rb5 Ra2 52. Kf4 Kf7 53. Rb6 Kf6 54. e5+ 1-0

[Event "ESP-ch 89th"]
[Site "Marbella"]
[Date "2024.12.12"]
[Round "2"]
[White "Tabuenca Mendataurigoitia, Daniel"]
[Black "Villa Tornero, Alex"]
[Result "1-0"]
[WhiteElo "2399"]
[BlackElo "2238"]
[PlyCount "59"]
[EventDate "2024.12.11"]
[EventType "swiss"]
[EventRounds "9"]
[EventCountry "ESP"]
[SourceTitle "CB52_2024"]
[SourceDate "2024.12.25"]
[SourceVersion "1"]
[SourceVersionDate "2024.12.25"]
[SourceQuality "1"]

1. e4 c5 2. Nf3 e6 3. d4 cxd4 4. Nxd4 a6 5. Qf3 Qc7 6. Qg3 Qxg3 7. hxg3 Ne7 8. Nc3 Nbc6 9. Nxc6 Nxc6 10. Na4 b5 11. Nb6 Rb8 12. Nxc8 Rxc8 13. c3 Na5 14. Bd3 b4 15. cxb4 Bxb4+ 16. Ke2 Ke7 17. b3 d6 18. Bb2 Bc3 19. Bxc3 Rxc3 20. Rac1 Rxc1 21. Rxc1 Kd7 22. Bxa6 Rb8 23. Rc3 Nc6 24. Bc4 g6 25. Ke3 Na5 26. Kd3 f5 27. exf5 gxf5 28. a4 Rb4 29. Bb5+ Ke7 30. Rc7+ 1-0

[Event "Sant Boi de Llobregat op 5th"]
[Site "Sant Boi de Llobregat"]
[Date "2024.12.06"]
[Round "8"]
[White "Petkov, Momchil"]
[Black "Tabuenca Mendataurigoitia, Daniel"]
[Result "1/2-1/2"]
[WhiteElo "2549"]
[BlackElo "2412"]
[PlyCount "114"]
[EventDate "2024.11.29"]
[EventType "swiss"]
[EventRounds "10"]
[EventCountry "ESP"]
[SourceTitle "CB50_2024"]
[SourceDate "2024.11.01"]
[SourceVersion "1"]
[SourceVersionDate "2024.11.01"]
[SourceQuality "2"]

1. d4 Nf6 2. c4 e6 3. Nf3 d5 4. Nc3 a6 5. cxd5 exd5 6. Bg5 Be6 7. e3 Nbd7 8. h3 c6 9. Bd3 Bd6 10. Bf4 Qc7 11. Qd2 0-0 12. 0-0 Rfe8 13. Rfe1 Nb6 14. Ne2 Ne4 15. Qc2 Bf5 16. Ne5 Bg6 17. b4 Qe7 18. Reb1 Bxe5 19. dxe5 Nd7 20. f3 Ng5 21. Bxg6 hxg6 22. Bxg5 Qxg5 23. f4 Qh5 24. a4 f6 25. Ng3 Qh6 26. b5 fxe5 27. bxc6 bxc6 28. Qxc6 Nf6 29. Rf1 exf4 30. exf4 Kh7 31. Ra3 a5 32. Rb3 Rac8 33. Qa6 Rc4 34. Qxa5 Rxf4 35. Qc7 Rxf1+ 36. Nxf1 Ne4 37. Rf3 Nd2 38. Nxd2 Qxd2 39. Qf4 Re1+ 40. Kh2 Qxf4+ 41. Rxf4 Rd1 42. Kg3 d4 43. Rh4+ Kg8 44. Kf3 Rd2 45. Rf4 Kh7 46. Rg4 Kh6 47. h4 Kh7 48. Re4 g5 49. hxg5 Kg6 50. Re5 Ra2 51. Ra5 d3 52. g4 d2 53. Ke2 Kf7 54. Ra6 g6 55. Kd1 Kg7 56. Ra7+ Kg8 57. a5 Kh8 1/2-1/2

[Event "Sant Boi de Llobregat op 5th"]
[Site "Sant Boi de Llobregat"]
[Date "2024.12.05"]
[Round "7"]
[White "Tabuenca Mendataurigoitia, Daniel"]
[Black "Kozak, Adam"]
[Result "1/2-1/2"]
[WhiteElo "2412"]
[BlackElo "2591"]
[PlyCount "30"]
[EventDate "2024.11.29"]
[EventType "swiss"]
[EventRounds "10"]
[EventCountry "ESP"]
[SourceTitle "CB50_2024"]
[SourceDate "2024.11.01"]
[SourceVersion "1"]
[SourceVersionDate "2024.11.01"]
[SourceQuality "2"]

1. e4 e5 2. Nf3 Nc6 3. Bc4 d6 4. a4 Bg4 5. h3 Bh5 6. c3 Nf6 7. d3 Be7 8. Nbd2 Qd7 9. Nf1 Bg6 10. Ng3 Nh5 11. a5 a6 12. 0-0 Nxg3 13. fxg3 h6 14. b4 Nd8 15. Ra2 c6 1/2-1/2

[Event "Sant Boi de Llobregat op 5th"]
[Site "Sant Boi de Llobregat"]
[Date "2024.12.04"]
[Round "6"]
[White "Lim, Zhuo Ren"]
[Black "Tabuenca Mendataurigoitia, Daniel"]
[Result "0-1"]
[WhiteElo "2306"]
[BlackElo "2412"]
[PlyCount "82"]
[EventDate "2024.11.29"]
[EventType "swiss"]
[EventRounds "10"]
[EventCountry "ESP"]
[SourceTitle "CB50_2024"]
[SourceDate "2024.11.01"]
[SourceVersion "1"]
[SourceVersionDate "2024.11.01"]
[SourceQuality "2"]

1. d4 d5 2. c4 e6 3. Nf3 a6 4. g3 dxc4 5. Bg2 b5 6. Ne5 c6 7. 0-0 Bb7 8. b3 cxb3 9. a4 Nf6 10. Qxb3 Qxd4 11. Bb2 Qb4 12. Qc2 Qc5 13. Qd3 Be7 14. Nd2 0-0 15. Ne4 Qb6 16. axb5 Rd8 17. Qb1 cxb5 18. Ng5 Bxg2 19. Kxg2 Rd2 20. Ra2 Nbd7 21. Nxd7 Rxd7 22. Bxf6 Qb7+ 23. f3 Bxf6 24. Qxh7+ Kf8 25. Ne4 Ke7 26. g4 Rdd8 27. Nxf6 gxf6 28. Rfa1 b4 29. h4 b3 30. Rb2 Rg8 31. Ra4 f5 32. g5 Rab8 33. e4 Qd7 34. Rc4 fxe4 35. fxe4 Rh8 36. Qg7 Rxh4 37. Rf2 Rf8 38. Rd4 Qc7 39. Qf6+ Ke8 40. Kf1 b2 41. Rxb2 Qc1+ 0-1

[Event "Sant Boi de Llobregat op 5th"]
[Site "Sant Boi de Llobregat"]
[Date "2024.12.03"]
[Round "5"]
[White "Tabuenca Mendataurigoitia, Daniel"]
[Black "Jaque Gutierrez, Matias"]
[Result "1-0"]
[WhiteElo "2412"]
[BlackElo "2233"]
[PlyCount "69"]
[EventDate "2024.11.29"]
[EventType "swiss"]
[EventRounds "10"]
[EventCountry "ESP"]
[SourceTitle "CB50_2024"]
[SourceDate "2024.11.01"]
[SourceVersion "1"]
[SourceVersionDate "2024.11.01"]
[SourceQuality "2"]

1. e4 e5 2. Nf3 Nc6 3. Bb5 a6 4. Bxc6 dxc6 5. 0-0 Qf6 6. d4 exd4 7. Bg5 Qd6 8. Nxd4 c5 9. Nb3 Qxd1 10. Rxd1 Bd7 11. Nc3 f6 12. Be3 b6 13. Nd5 Bd6 14. h3 Rb8 15. Nd2 Ne7 16. Nc4 Nxd5 17. Nxd6+ cxd6 18. Rxd5 Bc6 19. Rxd6 Rc8 20. Rad1 Ke7 21. f4 Rhd8 22. e5 Rd7 23. Kh2 Bb5 24. c4 Bc6 25. b3 Rdd8 26. R1d2 Rd7 27. a4 a5 28. Bg1 Rdd8 29. Bf2 Be4 30. Re2 Bf5 31. Rxb6 Kf7 32. exf6 gxf6 33. Bh4 Bd3 34. Rxf6+ Kg8 35. Re3 1-0

[Event "Wch U16"]
[Site "Florianopolis"]
[Date "2024.11.07"]
[Round "9"]
[White "Meng, Yihan"]
[Black "Tabuenca Mendataurigoitia, Daniel"]
[Result "1-0"]
[WhiteElo "2370"]
[BlackElo "2408"]
[PlyCount "119"]
[EventDate "2024.10.29"]
[EventType "swiss"]
[EventRounds "11"]
[EventCountry "BRA"]
[SourceTitle "CB45_2024"]
[Source "ChessBase"]
[SourceDate "2024.11.06"]
[SourceVersion "1"]
[SourceVersionDate "2024.11.06"]
[SourceQuality "1"]

1. e4 e5 2. Nf3 Nc6 3. Bc4 Nf6 4. d3 h6 5. 0-0 d6 6. a4 g5 7. c3 Bg7 8. a5 a6 9. Nbd2 Qe7 10. b4 Be6 11. Qb3 0-0 12. Re1 Nh5 13. g3 Qf6 14. Qd1 Qg6 15. Bxe6 fxe6 16. h3 Rf7 17. Nf1 Raf8 18. N1h2 Bf6 19. Kh1 Bd8 20. Rb1 Kh7 21. Be3 Ne7 22. Rb2 c6 23. c4 Bc7 24. Qe2 Nf6 25. Kg2 Nd7 26. Ra1 d5 27. Bc5 d4 28. Bxe7 Rxe7 29. h4 Ref7 30. hxg5 hxg5 31. Ng1 Kg7 32. Nh3 Kf6 33. Qg4 Rh7 34. Nf3 Rh5 35. Rh1 Rfh8 36. Rbb1 Ke7 37. Nhxg5 c5 38. Nh4 Qf6 39. Nxe6 Rxh4 40. gxh4 Qxe6 41. Qg7+ Kd6 42. Qxh8 Qg4+ 43. Kf1 Qf3 44. Qh6+ Nf6 45. Kg1 cxb4 46. Rh2 Ke6 47. Qd2 Bd6 48. Rg2 Qh3 49. c5 Bxc5 50. Qa2+ Kd6 51. Rg6 Ke7 52. Rg7+ Kd8 53. Qf7 Nd7 54. Rc1 b3 55. Rg8+ Kc7 56. Rxc5+ Kd6 57. Qd5+ Ke7 58. Rg7+ Kd8 59. Qg8+ Nf8 60. Qxf8# 1-0

[Event "Wch U16"]
[Site "Florianopolis"]
[Date "2024.10.30"]
[Round "2"]
[White "Tabuenca Mendataurigoitia, Daniel"]
[Black "Religa, Marek"]
[Result "1/2-1/2"]
[WhiteElo "2408"]
[BlackElo "2209"]
[PlyCount "187"]
[EventDate "2024.10.29"]
[EventType "swiss"]
[EventRounds "11"]
[EventCountry "BRA"]
[SourceTitle "CB45_2024"]
[Source "ChessBase"]
[SourceDate "2024.11.06"]
[SourceVersion "1"]
[SourceVersionDate "2024.11.06"]
[SourceQuality "1"]

1. e4 c5 2. Nf3 e6 3. d3 Nc6 4. g3 d5 5. Qe2 Be7 6. Bg2 Nf6 7. 0-0 h6 8. e5 Nd7 9. c4 d4 10. h4 g5 11. hxg5 hxg5 12. Qe4 g4 13. Qxg4 Ncxe5 14. Qe4 Nxf3+ 15. Bxf3 Bd6 16. Na3 Ne5 17. Bg2 a6 18. Bf4 Ng6 19. Bxd6 Qxd6 20. b4 f5 21. Qe2 Bd7 22. bxc5 Qxc5 23. Nc2 Kf7 24. Rfe1 Rab8 25. Rab1 b6 26. Nb4 Qc8 27. Nc2 e5 28. Nb4 Kg7 29. Qd2 f4 30. Nd5 Bh3 31. Be4 Qg4 32. Qe2 fxg3 33. f3 Qg5 34. Bxg6 Bg2 35. Qxe5+ Qxe5 36. Rxe5 Bxf3 37. Bh5 Rxh5 38. Rxh5 Bxh5 39. Kg2 b5 40. Kxg3 Bf7 41. Kf4 Re8 42. Rg1+ Kf8 43. Nb6 Re2 44. cxb5 axb5 45. Rb1 Rd2 46. Rxb5 Bxa2 47. Ke4 Bg8 48. Kxd4 Bh7 49. Nd7+ Ke7 50. Nc5 Bxd3 51. Nxd3 Kd6 52. Rb6+ Kc7 53. Rh6 Rg2 54. Nb4 Kd7 55. Kc5 Rg1 56. Rd6+ Ke7 57. Nd5+ Kf7 58. Rd7+ Ke6 59. Re7+ Kf5 60. Ne3+ Kf6 61. Re8 Ra1 62. Rf8+ Ke5 63. Nc4+ Ke6 64. Rf2 Ke7 65. Kc6 Rc1 66. Re2+ Kf6 67. Kd5 Rd1+ 68. Nd2 Ra1 69. Ne4+ Kf5 70. Nd6+ Kf4 71. Re4+ Kf3 72. Nc4 Rd1+ 73. Ke5 Rd8 74. Re3+ Kf2 75. Ra3 Re8+ 76. Kf4 Rf8+ 77. Ke4 Rc8 78. Ne5 Rb8 79. Ng4+ Kg2 80. Ne3+ Kg3 81. Nf5+ Kh2 82. Kf3 Rf8 83. Ra2+ Kh3 84. Ra5 Rb8 85. Ra3 Kh2 86. Ra4 Rb3+ 87. Kg4 Rb2 88. Ne3 Rb8 89. Ra2+ Kg1 90. Ng2 Kf1 91. Rd2 Rg8+ 92. Kf3 Rf8+ 93. Nf4 Ke1 94. Rd7 1/2-1/2

[Event "Wch U16"]
[Site "Florianopolis"]
[Date "2024.10.29"]
[Round "1"]
[White "Durana, Jonas"]
[Black "Tabuenca Mendataurigoitia, Daniel"]
[Result "0-1"]
[WhiteElo "2052"]
[BlackElo "2408"]
[PlyCount "88"]
[EventDate "2024.10.29"]
[EventType "swiss"]
[EventRounds "11"]
[EventCountry "BRA"]
[SourceTitle "CB45_2024"]
[Source "ChessBase"]
[SourceDate "2024.11.06"]
[SourceVersion "1"]
[SourceVersionDate "2024.11.06"]
[SourceQuality "1"]

1. e4 c6 2. d4 d5 3. exd5 cxd5 4. Bd3 Nc6 5. c3 Nf6 6. a3 g6 7. Nf3 Bf5 8. Be2 h6 9. Nbd2 Qc7 10. Nf1 g5 11. Ne3 Be4 12. Bd3 e6 13. Ng4 Nd7 14. Bxe4 dxe4 15. Nfe5 Ncxe5 16. dxe5 Bg7 17. Qa4 Qc6 18. Qxc6 bxc6 19. h4 h5 20. Nf6+ Bxf6 21. exf6 gxh4 22. Bg5 Rg8 23. Bxh4 e3 24. Rh2 exf2+ 25. Bxf2 Rg5 26. 0-0-0 Ra5 27. g4 Nxf6 28. gxh5 Ng4 29. Rg2 Nxf2 30. Rg8+ Ke7 31. Rxa8 Nxd1 32. h6 Nxc3 33. bxc3 Rh5 34. Rxa7+ Kf6 35. Rc7 Rxh6 36. Rxc6 Ke5 37. a4 f5 38. a5 f4 39. a6 f3 40. a7 f2 41. a8Q f1Q+ 42. Kc2 Rh2+ 43. Kb3 Qb5+ 44. Ka3 Qb2+ 0-1

[Event "Titled Tuesday intern op 24th Sep Late"]
[Site "Chess.com INT"]
[Date "2024.09.24"]
[Round "1"]
[White "Huseynova, Lala"]
[Black "Tabuenca Mendataurigoitia, Daniel"]
[Result "0-1"]
[WhiteElo "1984"]
[BlackElo "2423"]
[PlyCount "58"]
[EventDate "2024.09.24"]
[EventType "swiss (blitz)"]
[EventRounds "11"]
[EventCountry "USA"]
[SourceTitle "EXT 2025"]
[Source "ChessBase"]
[SourceDate "2024.10.14"]
[SourceVersion "1"]
[SourceVersionDate "2024.10.14"]
[SourceQuality "1"]

1. e4 d6 2. d4 Nf6 3. Nc3 e5 4. dxe5 dxe5 5. Qxd8+ Kxd8 6. Nf3 Bd6 7. Bg5 Be6 8. 0-0-0 Nbd7 9. Bb5 h6 10. Bxd7 Bxd7 11. Bh4 g5 12. Bg3 Re8 13. Rd2 Nh5 14. Rhd1 f6 15. Nd5 Bc6 16. c4 Kc8 17. c5 Bxc5 18. Nc3 b6 19. a3 a5 20. Na2 Kb7 21. Nc3 Be7 22. Kc2 Rad8 23. Nd5 Ba4+ 24. b3 Bc6 25. a4 Rd7 26. Rd3 Bc5 27. Nd2 Bxd5 28. exd5 e4 29. Re1 exd3+ 0-1

[Event "Titled Tuesday intern op 24th Sep Late"]
[Site "Chess.com INT"]
[Date "2024.09.24"]
[Round "2"]
[White "Tabuenca Mendataurigoitia, Daniel"]
[Black "Sultanbek, Zeinep"]
[Result "1-0"]
[WhiteElo "2423"]
[BlackElo "2098"]
[PlyCount "53"]
[EventDate "2024.09.24"]
[EventType "swiss (blitz)"]
[EventRounds "11"]
[EventCountry "USA"]
[SourceTitle "EXT 2025"]
[Source "ChessBase"]
[SourceDate "2024.10.14"]
[SourceVersion "1"]
[SourceVersionDate "2024.10.14"]
[SourceQuality "1"]

1. a3 g6 2. d4 Bg7 3. e4 d6 4. g3 d5 5. e5 c5 6. c3 Nc6 7. h3 cxd4 8. cxd4 Qb6 9. Nf3 Bf5 10. Nc3 Be4 11. Bg2 e6 12. Be3 Qxb2 13. Nxe4 dxe4 14. Nd2 Nge7 15. 0-0 0-0 16. Nxe4 Nf5 17. Rb1 Qxa3 18. Rb3 Qa2 19. Rxb7 Rad8 20. Bg5 Rxd4 21. Qc1 Nxe5 22. Bf6 Rxe4 23. Bxg7 Kxg7 24. Bxe4 Nd6 25. Qc3 Nxe4 26. Qxe5+ Nf6 27. Rb4 1-0

[Event "Titled Tuesday intern op 03rd Sep Early"]
[Site "Chess.com INT"]
[Date "2024.09.03"]
[Round "4"]
[White "Tabuenca Mendataurigoitia, Daniel"]
[Black "Ramsdal, Jens Albert"]
[Result "1-0"]
[WhiteElo "2423"]
[BlackElo "2328"]
[PlyCount "74"]
[EventDate "2024.09.03"]
[EventType "swiss (blitz)"]
[EventRounds "11"]
[EventCountry "USA"]
[SourceTitle "EXT 2025"]
[Source "ChessBase"]
[SourceDate "2024.10.14"]
[SourceVersion "1"]
[SourceVersionDate "2024.10.14"]
[SourceQuality "1"]

1. Nf3 Nf6 2. g3 g6 3. Bg2 Bg7 4. 0-0 0-0 5. d3 d5 6. Nbd2 Re8 7. e4 e5 8. Qe2 dxe4 9. dxe4 c6 10. Rd1 Qc7 11. a4 Be6 12. a5 Na6 13. Nc4 Bxc4 14. Qxc4 Rad8 15. Rxd8 Rxd8 16. Be3 c5 17. h3 Bf8 18. Nd2 Nb4 19. Nb3 b6 20. axb6 axb6 21. Bg5 Rd6 22. c3 Nc6 23. Ra8 Kg7 24. Kh2 Rd8 25. Rxd8 Qxd8 26. Qb5 Qc7 27. Nd2 Na7 28. Qa6 h6 29. Bxf6+ Kxf6 30. Nc4 Nc8 31. h4 Bd6 32. Bh3 Ne7 33. Nxb6 Kg7 34. Nc4 Nc6 35. Bc8 Ne7 36. Nxd6 Nxc8 37. Nxc8 c4 1-0

[Event "Titled Tuesday intern op 27th Aug Early"]
[Site "Chess.com INT"]
[Date "2024.08.27"]
[Round "1"]
[White "Flynn, Jacob"]
[Black "Tabuenca Mendataurigoitia, Daniel"]
[Result "1-0"]
[WhiteElo "2134"]
[BlackElo "2431"]
[PlyCount "115"]
[EventDate "2024.08.27"]
[EventType "swiss (blitz)"]
[EventRounds "11"]
[EventCountry "USA"]
[SourceTitle "EXT 2025"]
[Source "ChessBase"]
[SourceDate "2024.10.14"]
[SourceVersion "1"]
[SourceVersionDate "2024.10.14"]
[SourceQuality "1"]

1. d4 d6 2. e4 Nf6 3. Bd3 e5 4. c3 Be7 5. Nf3 Bg4 6. h3 Bxf3 7. Qxf3 0-0 8. 0-0 c5 9. d5 Nfd7 10. a4 Bg5 11. Nd2 Na6 12. Nc4 Bxc1 13. Rfxc1 Qe7 14. Ne3 Nc7 15. b4 g6 16. Qe2 a5 17. b5 Nb6 18. c4 Ne8 19. Qc2 Qg5 20. g3 Ng7 21. h4 Qe7 22. Re1 Rae8 23. Kg2 Nd7 24. Re2 b6 25. Rf1 Nh5 26. Kh2 h6 27. Ng4 Kg7 28. Qd2 Rh8 29. Ne3 Ndf6 30. f4 exf4 31. gxf4 Nxe4 32. Qb2+ Qf6 33. Qxf6+ Nhxf6 34. Kg2 Nc3 35. Ree1 Nxa4 36. Nd1 Ng4 37. Kg3 f5 38. Bc2 Nb2 39. Nxb2 Ne3 40. Rf2 Nxc2 41. Rxe8 Rxe8 42. Rxc2 Re3+ 43. Kf2 Rh3 44. Re2 Rxh4 45. Kg3 Rg4+ 46. Kf3 g5 47. Nd3 Rh4 48. Kg3 Rh1 49. Re7+ Kg8 50. Re6 g4 51. Rxd6 Rh3+ 52. Kg2 Rxd3 53. Rxb6 h5 54. Rh6 a4 55. Ra6 h4 56. Rxa4 Rd2+ 57. Kg1 h3 58. Ra1 1-0

[Event "Titled Tuesday intern op 13th Aug Early"]
[Site "Chess.com INT"]
[Date "2024.08.13"]
[Round "2"]
[White "Tabuenca Mendataurigoitia, Daniel"]
[Black "Miszler, Levente"]
[Result "1-0"]
[WhiteElo "2431"]
[BlackElo "2262"]
[PlyCount "75"]
[EventDate "2024.08.13"]
[EventType "swiss (blitz)"]
[EventRounds "11"]
[EventCountry "USA"]
[SourceTitle "EXT 2025"]
[Source "ChessBase"]
[SourceDate "2024.10.14"]
[SourceVersion "1"]
[SourceVersionDate "2024.10.14"]
[SourceQuality "1"]

1. a3 a6 2. d4 e6 3. e4 d5 4. Nc3 Nf6 5. e5 Nfd7 6. Nce2 c5 7. c3 Nc6 8. Nf3 b5 9. Nf4 Qb6 10. Nh5 a5 11. Be3 Ba6 12. Bd3 cxd4 13. cxd4 b4 14. 0-0 Bxd3 15. Qxd3 g6 16. Nf6+ Nxf6 17. exf6 Bd6 18. Rfc1 Kd7 19. Ng5 Raf8 20. axb4 Bxb4 21. Rc2 h6 22. Nf3 Rc8 23. Rac1 Bd6 24. Qd2 Nb4 25. Rxc8 Rxc8 26. Rxc8 Kxc8 27. Bxh6 Nc6 28. h4 a4 29. Be3 Na5 30. Qc2+ Qc6 31. Qxc6+ Nxc6 32. Ng5 Nd8 33. g4 e5 34. h5 gxh5 35. gxh5 exd4 36. Bxd4 Bf4 37. h6 Bxg5 38. h7 1-0

[Event "Titled Tuesday intern op 06th Aug Early"]
[Site "Chess.com INT"]
[Date "2024.08.06"]
[Round "3"]
[White "Bluebaum, Matthias"]
[Black "Tabuenca Mendataurigoitia, Daniel"]
[Result "1-0"]
[WhiteElo "2640"]
[BlackElo "2431"]
[PlyCount "163"]
[EventDate "2024.08.06"]
[EventType "swiss (blitz)"]
[EventRounds "11"]
[EventCountry "USA"]
[SourceTitle "EXT 2025"]
[Source "ChessBase"]
[SourceDate "2024.10.14"]
[SourceVersion "1"]
[SourceVersionDate "2024.10.14"]
[SourceQuality "1"]

1. d4 d6 2. Nf3 Nf6 3. c4 g6 4. Nc3 Bf5 5. d5 Bg7 6. Nd4 Bd7 7. e4 0-0 8. Be2 c5 9. Nc2 e6 10. 0-0 Qe7 11. Bd3 e5 12. h3 Nh5 13. Be3 Nf4 14. Ne2 Bh6 15. Qd2 Nxe2+ 16. Bxe2 Bxe3 17. Nxe3 f5 18. exf5 Bxf5 19. f4 Nd7 20. Nxf5 Rxf5 21. Bg4 Rxf4 22. Rxf4 exf4 23. Be6+ Kg7 24. Bxd7 Qxd7 25. Qxf4 Rf8 26. Qg3 Re8 27. Rf1 Qe7 28. Kh1 Qe2 29. Qf4 Qe7 30. Qd2 Qe2 31. Qc3+ Qe5 32. Qa5 Qe2 33. Qc3+ Qe5 34. Qf3 Qe7 35. a3 Rf8 36. Qc3+ Kg8 37. Re1 Qf6 38. Qg3 Qf2 39. Qxf2 Rxf2 40. Re6 Rxb2 41. Rxd6 Rc2 42. Rd8+ Kg7 43. Rd7+ Kf6 44. Rxb7 Rxc4 45. Rxa7 Rd4 46. Rxh7 Rxd5 47. Rc7 Rd3 48. Rc6+ Kg7 49. a4 Ra3 50. Rc7+ Kh6 51. Rxc5 Rxa4 52. Kh2 Ra3 53. Rc8 Kg5 54. Rh8 Kf5 55. Rf8+ Kg5 56. Rf2 Rb3 57. Rf3 Rb4 58. Kg3 Ra4 59. Rc3 Rb4 60. h4+ Kf5 61. Rf3+ Ke6 62. Rf4 Rb2 63. Kh3 Rb3+ 64. g3 Ra3 65. Kg4 Rb3 66. Rf3 Rb5 67. Rf2 Ra5 68. Rf1 Rb5 69. Kh3 Ra5 70. Rf3 Rb5 71. g4 Ra5 72. g5 Ra4 73. Rf6+ Ke5 74. Rxg6 Ra3+ 75. Kg4 Ra4+ 76. Kh5 Kf4 77. Rb6 Kg3 78. Rb3+ Kf4 79. g6 Kf5 80. Rf3+ Ke6 81. g7 Ra8 82. Rf8 1-0